[Event "21st European Teams"]
[Site "Hersonissos GRE"]
[Date "2017.10.29"]
[Round "2.7"]
[Board "2"]
[White "Ivanisevic, Ivan"]
[Black "Bosiocic, Marin"]
[Result "1/2-1/2"]
[WhiteTitle "GM"]
[BlackTitle "GM"]
[WhiteElo "2593"]
[BlackElo "2619"]
[WhiteTeam "Serbia"]
[BlackTeam "Croatia"]
[WhiteFideId "912417"]
[BlackFideId "14507927"]
[EventDate "2017.10.28"]

1. d4 Nf6 2. c4 e6 3. Nc3 Bb4 4. Nf3 c5 5. g3 Nc6 6. d5 Bxc3+ 7. bxc3 Na5 8. Nd2
O-O 9. Bg2 d6 10. O-O e5 11. e4 b6 12. Re1 Ne8 13. f4 f5 14. exf5 exf4 15. g4 g6
16. Nf3 gxf5 17. g5 Ng7 18. g6 hxg6 19. Bxf4 Re8 20. Bg5 Rxe1+ 21. Qxe1 Qc7 22.
Qh4 Ba6 23. Qh6 Nxc4 24. Bf4 Ne8 25. Qxg6+ Qg7 26. Qe6+ Qf7 27. Ng5 Qxe6 28.
dxe6 Rb8 29. Re1 b5 30. e7 Bb7 31. Bxb7 Rxb7 32. Re6 d5 33. h4 Rb6 34. Rxb6 Nxb6
35. h5 Nd7 36. h6 Ndf6 37. Be3 Nh7 38. Nf3 d4 39. cxd4 cxd4 40. Nxd4 Kf7 41.
Nxb5 a6 42. Nd4 Kxe7 43. Nxf5+ Kf6 44. Nd4 Nc7 45. Kf2 Nd5 46. Bd2 Kg6 47. Kf3
Ndf6 48. Ne6 Ng8 49. Nc7 Nxh6 50. Nxa6 Nf7 51. Ke4 Kf6 52. Kd5 Ke7 53. Kc6 Ne5+
54. Kc7 Nc4 55. Bb4+ Ke6 56. Nc5+ Kd5 57. Nd7 Ng5 58. Nb6+ Kd4 59. a4 Ne6+ 60.
Kc6 Ne5+ 61. Kd6 Nc4+ 62. Kc6 Ne5+ 63. Kd6 Nc4+ 64. Nxc4 Kxc4 65. Ba3 Nd4 66.
Bc5 Nb3 67. Ba3 Na5 1/2-1/2

[Event "21st European Teams"]
[Site "Hersonissos GRE"]
[Date "2017.10.29"]
[Round "2.7"]
[Board "3"]
[White "Jankovic, Alojzije"]
[Black "Perunovic, Milos"]
[Result "1/2-1/2"]
[WhiteTitle "GM"]
[BlackTitle "GM"]
[WhiteElo "2575"]
[BlackElo "2608"]
[WhiteTeam "Croatia"]
[BlackTeam "Serbia"]
[WhiteFideId "14505959"]
[BlackFideId "921629"]
[EventDate "2017.10.28"]

1. c4 Nf6 2. Nc3 c5 3. Nf3 e6 4. d4 cxd4 5. Nxd4 Nc6 6. Bg5 Be7 7. e3 Qa5 8. Bh4
Ne4 9. Bxe7 Nxc3 10. Qd2 Nxe7 11. Nb5 d5 12. Qxc3 Qxc3+ 13. Nxc3 dxc4 14. Bxc4
Bd7 15. Rd1 Bc6 16. Bb5 a6 17. Bxc6+ Nxc6 18. Ke2 Ke7 19. Na4 Rhd8 20. Nb6 Rxd1
21. Rxd1 Rd8 22. Rc1 Kd6 23. Nc4+ Ke7 24. Nb6 Kd6 25. Nc4+ Ke7 26. Nb6 1/2-1/2

[Event "21st European Teams"]
[Site "Hersonissos GRE"]
[Date "2017.10.29"]
[Round "2.7"]
[Board "4"]
[White "Indjic, Aleksandar"]
[Black "Martinovic, Sasa"]
[Result "1/2-1/2"]
[WhiteTitle "GM"]
[BlackTitle "GM"]
[WhiteElo "2591"]
[BlackElo "2565"]
[WhiteTeam "Serbia"]
[BlackTeam "Croatia"]
[WhiteFideId "911925"]
[BlackFideId "14509792"]
[EventDate "2017.10.28"]

1. d4 Nf6 2. Nf3 d5 3. Bf4 c5 4. e3 Nc6 5. Nbd2 cxd4 6. exd4 Bf5 7. c3 e6 8. Be2
Bd6 9. Bg3 O-O 10. O-O Bxg3 11. hxg3 h6 12. Re1 Qb6 13. Qb3 Qc7 14. Bf1 Rab8 15.
a4 Rfe8 16. Qa3 Rbc8 17. a5 Nd7 18. c4 a6 19. cxd5 exd5 20. Rec1 Bg4 21. b4 Qd6
22. Rcb1 Qf6 23. Qb2 Bf5 24. Rc1 Qd6 25. b5 Qb4 26. Qb3 Qxb3 27. Nxb3 Nb4 28.
Nc5 Nxc5 29. dxc5 Bd3 30. Bxd3 Nxd3 31. Rc3 Nb2 32. c6 bxc6 33. bxc6 Nc4 34. Nd4
Re4 35. Rd1 Nb2 36. Rd2 Nc4 37. Rd1 Nb2 38. Rd2 Nc4 39. Rd1 1/2-1/2

[Event "21st European Teams"]
[Site "Hersonissos GRE"]
[Date "2017.10.29"]
[Round "2.8"]
[Board "1"]
[White "Solak, Dragan"]
[Black "Vocaturo, Daniele"]
[Result "1/2-1/2"]
[WhiteTitle "GM"]
[BlackTitle "GM"]
[WhiteElo "2626"]
[BlackElo "2607"]
[WhiteTeam "Turkey"]
[BlackTeam "Italy"]
[WhiteFideId "916811"]
[BlackFideId "813192"]
[EventDate "2017.10.28"]

1. c4 e6 2. Nc3 d5 3. d4 Bb4 4. e3 Nf6 5. Bd3 O-O 6. Nf3 c5 7. O-O Nc6 8. cxd5
exd5 9. dxc5 Bxc5 10. b3 Qe7 11. Bb2 Rd8 12. Rc1 Bg4 13. Be2 d4 14. Nxd4 Bxd4
15. exd4 Rxd4 16. Qc2 Rad8 17. Bxg4 Nxg4 18. h3 Nge5 19. Ne4 R4d5 20. Bxe5 Rxe5
21. Ng3 h5 22. Rfd1 Rxd1+ 23. Rxd1 g6 24. Qc3 Qb4 25. Qxb4 Nxb4 26. Rd7 Re1+ 27.
Nf1 Nxa2 28. Rxb7 a5 29. g4 hxg4 30. hxg4 Nb4 31. Rb5 Nd3 32. Rxa5 Re2 33. f3
Nf4 34. b4 Nh3+ 35. Kh1 Nf2+ 36. Kg1 Nh3+ 37. Kh1 Nf2+ 38. Kg1 1/2-1/2

[Event "21st European Teams"]
[Site "Hersonissos GRE"]
[Date "2017.10.29"]
[Round "2.8"]
[Board "2"]
[White "Brunello, Sabino"]
[Black "Yilmaz, Mustafa"]
[Result "1-0"]
[WhiteTitle "GM"]
[BlackTitle "GM"]
[WhiteElo "2555"]
[BlackElo "2633"]
[WhiteTeam "Italy"]
[BlackTeam "Turkey"]
[WhiteFideId "813613"]
[BlackFideId "6302718"]
[EventDate "2017.10.28"]

1. d4 Nf6 2. c4 e6 3. Nf3 d5 4. Nc3 Be7 5. Bf4 O-O 6. e3 Nbd7 7. cxd5 Nxd5 8.
Bd3 c5 9. O-O Nxf4 10. exf4 cxd4 11. Ne4 b6 12. Nxd4 Bb7 13. Qe2 Nc5 14. Nxc5
Bxc5 15. Nf3 Qf6 16. Ng5 g6 17. g3 Bd4 18. Be4 Bxe4 19. Nxe4 Qg7 20. Rad1 e5 21.
b3 Rfe8 22. f5 Rec8 23. f6 Qh6 24. Kg2 a5 25. a4 Rc6 26. Rd2 Rac8 27. h4 Qh5 28.
Qxh5 gxh5 29. Kf3 Rc1 30. Rfd1 Rxd1 31. Rxd1 Rc2 32. g4 Rb2 33. Rd3 Kf8 34. gxh5
Rb1 35. Kg4 Re1 36. Kf5 Rh1 37. Kg5 Re1 38. Ng3 Rg1 39. Kh6 Kg8 40. Nf5 Rg4 41.
Rg3 Rxg3 42. fxg3 Bc5 43. Ne7+ Kf8 44. Kxh7 e4 45. Ng6+ Ke8 46. Nf4 Kf8 47. g4
Bf2 48. g5 Bd4 49. Ne2 Be5 50. h6 e3 51. h5 1-0

[Event "21st European Teams"]
[Site "Hersonissos GRE"]
[Date "2017.10.29"]
[Round "2.8"]
[Board "3"]
[White "Can, Emre"]
[Black "Godena, Michele"]
[Result "1/2-1/2"]
[WhiteTitle "GM"]
[BlackTitle "GM"]
[WhiteElo "2604"]
[BlackElo "2489"]
[WhiteTeam "Turkey"]
[BlackTeam "Italy"]
[WhiteFideId "6302181"]
[BlackFideId "800090"]
[EventDate "2017.10.28"]

1. d4 d5 2. Nf3 Nf6 3. c4 dxc4 4. e3 a6 5. Bxc4 b5 6. Bd3 Bb7 7. O-O e6 8. Qe2
Nbd7 9. a4 b4 10. e4 Be7 11. Nbd2 c5 12. e5 Nd5 13. Nc4 cxd4 14. Nxd4 Nc5 15.
Bc2 Nb6 16. Nd6+ Bxd6 17. exd6 O-O 18. Bf4 Nd5 19. Bg3 Qf6 20. Rfd1 Rac8 21. Qg4
Nd7 22. a5 Qh6 23. Ba4 Rfd8 24. Qh4 Qxh4 25. Bxh4 N5f6 26. Nb3 Bc6 27. f3 h6 28.
Rd4 g5 29. Be1 Bxa4 30. Rxa4 Nd5 31. Bxb4 Rc2 32. Ba3 Rdc8 33. Rd2 Rxd2 34. Nxd2
Rc2 35. Nc4 Rc1+ 36. Kf2 Rc2+ 37. Kg1 Rc1+ 38. Kf2 Rc2+ 39. Kg1 1/2-1/2

[Event "21st European Teams"]
[Site "Hersonissos GRE"]
[Date "2017.10.29"]
[Round "2.8"]
[Board "4"]
[White "Moroni, Luca Jr"]
[Black "Sanal, Vahap"]
[Result "1/2-1/2"]
[WhiteTitle "GM"]
[BlackTitle "GM"]
[WhiteElo "2506"]
[BlackElo "2549"]
[WhiteTeam "Italy"]
[BlackTeam "Turkey"]
[WhiteFideId "865834"]
[BlackFideId "6300545"]
[EventDate "2017.10.28"]

1. d4 Nf6 2. c4 e6 3. Nf3 b6 4. g3 Bb7 5. Bg2 Be7 6. O-O O-O 7. Nc3 Ne4 8. Bd2
Nxd2 9. Qxd2 d6 10. Qc2 c6 11. e4 Nd7 12. Rad1 Qc7 13. Rfe1 e5 14. Qd2 Rad8 15.
b3 Bf6 16. h4 h5 17. d5 c5 18. Bh3 g6 19. Ng5 Bg7 20. Nb5 Qb8 21. Ne6 fxe6 22.
dxe6 Nf6 23. e7 Nxe4 24. exf8=Q+ Rxf8 25. Rxe4 Bxe4 26. Qxd6 Qxd6 27. Rxd6 Kh7
28. Bg2 Bb1 29. Nc3 Bf5 30. Be4 Rf7 31. Kg2 Rd7 32. Rxd7 Bxd7 33. f3 Kh6 34. Nd5
g5 35. a4 gxh4 36. gxh4 Bf8 37. Kg3 Kg7 38. Nc3 Bd6 39. Nd5 Kf7 40. Nc3 Kg7 41.
Nd5 1/2-1/2

[Event "21st European Teams"]
[Site "Hersonissos GRE"]
[Date "2017.10.29"]
[Round "2.9"]
[Board "1"]
[White "Adams, Michael"]
[Black "Tari, Aryan"]
[Result "1/2-1/2"]
[WhiteTitle "GM"]
[BlackTitle "GM"]
[WhiteElo "2727"]
[BlackElo "2578"]
[WhiteTeam "England"]
[BlackTeam "Norway"]
[WhiteFideId "400041"]
[BlackFideId "1510045"]
[EventDate "2017.10.28"]

1. e4 c6 2. Nf3 d5 3. Nc3 Bg4 4. h3 Bxf3 5. Qxf3 e6 6. g3 Nf6 7. Bg2 Bc5 8. O-O
Nbd7 9. d3 O-O 10. Qe2 Bd4 11. Nd1 dxe4 12. dxe4 Qc7 13. c3 Bc5 14. Ne3 a5 15.
Kh2 Rfe8 16. a4 Bf8 17. Nc4 Nc5 18. Bg5 h6 19. Bxf6 gxf6 20. Qg4+ Bg7 21. Qh5
Nxa4 22. Rxa4 b5 23. Rxa5 Rxa5 24. Nxa5 Qxa5 25. Qc5 Qc7 26. Ra1 Bf8 27. Qd4 Qd8
28. Qe3 Qd6 29. Qf3 Qe5 30. h4 Rd8 31. Ra6 Rc8 32. Ra7 Qb8 33. Ra6 Be7 34. Qe3
Kg7 35. Bf3 Qe5 36. Kg2 b4 37. Be2 bxc3 38. bxc3 Bc5 39. Qd3 Qd6 40. Qxd6 Bxd6
41. f4 Bc5 42. Kf3 Kf8 43. Bc4 Bg1 44. Ra2 Rb8 45. Ra6 Rc8 46. Ra1 1/2-1/2

[Event "21st European Teams"]
[Site "Hersonissos GRE"]
[Date "2017.10.29"]
[Round "2.9"]
[Board "2"]
[White "Hammer, Jon Ludvig"]
[Black "Howell, David W L"]
[Result "0-1"]
[WhiteTitle "GM"]
[BlackTitle "GM"]
[WhiteElo "2632"]
[BlackElo "2698"]
[WhiteTeam "Norway"]
[BlackTeam "England"]
[WhiteFideId "1503707"]
[BlackFideId "410608"]
[EventDate "2017.10.28"]

1. e4 c6 2. d4 d5 3. e5 Bf5 4. Nd2 e6 5. Nb3 Nd7 6. Nf3 Ne7 7. Be2 h6 8. O-O Qc7
9. Bd2 g5 10. a4 Bg7 11. Bb4 a5 12. Bd6 Qd8 13. Bd3 Bxd3 14. Qxd3 Nf5 15. Ba3
Bf8 16. Bxf8 Nxf8 17. g4 Ne7 18. Nc5 Qc7 19. Qe3 Neg6 20. Nd3 Nd7 21. c3 Rf8 22.
b4 f5 23. exf6 Rxf6 24. Nfe5 Ndxe5 25. dxe5 Rf7 26. f4 gxf4 27. Nxf4 Qxe5 28.
Qxe5 Nxe5 29. Rae1 Nxg4 30. h3 Nf6 31. Nxe6 Ne4 32. c4 axb4 33. cxd5 cxd5 34.
Nc5 Rg7+ 35. Kh2 Re7 36. Nxe4 dxe4 37. Ra1 O-O-O 38. Rfc1+ Rc7 39. Kg3 Rd3+ 40.
Kf4 Rxh3 41. Kxe4 b3 42. Kd5 Rd3+ 43. Ke4 b2 44. Rxc7+ Kxc7 45. Rb1 Rb3 46. Kd4
b5 47. axb5 Kb6 48. Kc4 Rxb5 49. Kc3 h5 50. Kc2 h4 0-1

[Event "21st European Teams"]
[Site "Hersonissos GRE"]
[Date "2017.10.29"]
[Round "2.9"]
[Board "3"]
[White "Jones, Gawain C B"]
[Black "Christiansen, Johan-Sebastian"]
[Result "1-0"]
[WhiteTitle "GM"]
[BlackTitle "IM"]
[WhiteElo "2662"]
[BlackElo "2462"]
[WhiteTeam "England"]
[BlackTeam "Norway"]
[WhiteFideId "409561"]
[BlackFideId "1512668"]
[EventDate "2017.10.28"]

1. Nf3 d5 2. b3 Nf6 3. Bb2 Bf5 4. d3 c6 5. g3 Nbd7 6. Bg2 h6 7. O-O e6 8. Nbd2
Bc5 9. e4 Bh7 10. Qe2 O-O 11. c4 a5 12. a3 Qb6 13. exd5 cxd5 14. d4 Be7 15. c5
Qc6 16. b4 Qa4 17. Bc3 Ne8 18. Rfc1 Nc7 19. Bf1 Bf6 20. b5 Nxc5 21. dxc5 d4 22.
Ne4 dxc3 23. Nxf6+ gxf6 24. Rxc3 Qg4 25. Rc4 Qf5 26. Rac1 Nd5 27. Rh4 Kg7 28.
Qd2 h5 29. Be2 Rfd8 30. Rd4 Rac8 31. Kg2 Qg6 32. Rcc4 Qh6 33. Qd1 Kh8 34. Nh4
Qg5 35. Kg1 Bg6 36. Bf3 Kg7 37. Ng2 Qe5 38. Qd2 Qf5 39. Be4 Qe5 40. Bf3 Qf5 41.
Be4 Qe5 42. Bxg6 fxg6 43. h4 Qf5 44. a4 Qb1+ 45. Rc1 Qf5 46. Ne3 Nxe3 47. Rd7+
Kh6 48. Rxd8 Qf3 49. Qxe3+ Qxe3 50. fxe3 Rxd8 51. Kf2 Kg7 52. Ke2 Kf7 53. c6
bxc6 54. Rxc6 Ke7 55. Ra6 Rc8 56. Rxa5 Rc2+ 57. Kd3 Rg2 58. b6 Kd7 59. Rc5 Rb2
60. a5 Kd6 61. Rc8 Kd7 62. Rc2 Rb3+ 63. Kc4 Rxe3 64. b7 Re4+ 65. Kb3 Re3+ 66.
Ka2 1-0

[Event "21st European Teams"]
[Site "Hersonissos GRE"]
[Date "2017.10.29"]
[Round "2.9"]
[Board "4"]
[White "Notkevich, Benjamin Arvola"]
[Black "McShane, Luke J"]
[Result "1/2-1/2"]
[WhiteTitle "IM"]
[BlackTitle "GM"]
[WhiteElo "2458"]
[BlackElo "2647"]
[WhiteTeam "Norway"]
[BlackTeam "England"]
[WhiteFideId "1506536"]
[BlackFideId "404853"]
[EventDate "2017.10.28"]

1. e4 e5 2. Nf3 Nc6 3. d4 exd4 4. Nxd4 Qf6 5. Be3 Bc5 6. c3 Nge7 7. Bc4 Ne5 8.
Be2 Qg6 9. O-O d6 10. Kh1 O-O 11. Nd2 Ng4 12. Bf4 Kh8 13. h3 Nf6 14. Bf3 Bd7 15.
Re1 Rae8 16. b4 Bb6 17. Nc4 Nc6 18. e5 dxe5 19. Nxe5 Nxe5 20. Bxe5 Qg5 21. Bg3
Rxe1+ 22. Qxe1 Re8 23. Qd1 c6 24. Qb3 Kg8 25. Rd1 h5 26. Qc4 h4 27. Bd6 Ne4 28.
Bxe4 Rxe4 29. Bc5 Bc7 30. Nf3 Qg6 31. Qd3 Bf5 32. Qd2 Be6 33. Bd6 Bb6 34. Bc5
Bd5 35. Bxb6 axb6 36. Re1 Rxe1+ 37. Qxe1 Qf5 38. Qe5 Qxe5 39. Nxe5 f6 40. Ng6
Kf7 41. Nxh4 Bxa2 42. Nf5 c5 43. Kg1 Ke6 44. Nxg7+ Kd5 45. Ne8 Kc4 46. Nd6+ Kxc3
47. bxc5 bxc5 48. Nxb7 c4 49. Nd6 Kd3 50. Nb5 Bb3 51. h4 Ba4 52. Na3 c3 53. h5
c2 54. Nxc2 Bxc2 55. Kh2 Ke4 56. Kh3 Kf4 57. Kh4 Bf5 58. h6 Bg6 59. Kh3 Kg5 60.
Kg3 Kxh6 61. Kh4 Be4 62. g4 Bf3 63. Kg3 Bd1 64. f4 Kg6 65. Kh4 Be2 66. Kg3 Kf7
67. Kh4 Kg7 68. Kg3 Bc4 69. Kh4 Bf7 70. Kg3 Be8 71. Kh4 Bf7 72. Kg3 Bg8 73. Kh4
Bh7 74. Kh5 Bc2 75. Kh4 Ba4 76. Kg3 Be8 77. Kh4 Bd7 78. Kg3 Bc8 79. Kh4 Bb7 80.
Kg3 Bc6 81. Kh4 Bd5 82. Kg3 Bc4 83. Kh4 Bb5 84. Kg3 Ba4 85. Kh4 Bb3 86. Kg3 Ba2
87. Kh4 Bb1 88. Kg3 Bc2 89. Kh4 Bd3 90. Kg3 Be4 91. Kh4 Bd3 92. Kg3 Bh7 93. Kh4
Bb1 94. Kg3 Be4 95. Kh4 Bh7 96. Kg3 Kf7 97. Kh4 Ke6 98. f5+ Bxf5 99. g5 Bg6 100.
gxf6 Kxf6 1/2-1/2

[Event "21st European Teams"]
[Site "Hersonissos GRE"]
[Date "2017.10.29"]
[Round "2.10"]
[Board "1"]
[White "Bologan, Victor"]
[Black "Gelfand, Boris"]
[Result "1/2-1/2"]
[WhiteTitle "GM"]
[BlackTitle "GM"]
[WhiteElo "2615"]
[BlackElo "2737"]
[WhiteTeam "Moldova"]
[BlackTeam "Israel"]
[WhiteFideId "13900048"]
[BlackFideId "2805677"]
[EventDate "2017.10.28"]

1. e4 c5 2. Nf3 Nc6 3. Bb5 g6 4. Bxc6 bxc6 5. O-O Bg7 6. h3 Nh6 7. c3 O-O 8. d4
cxd4 9. cxd4 f5 10. e5 Nf7 11. Ng5 e6 12. Nxf7 Rxf7 13. Re1 Bf8 14. Nc3 Bb7 15.
a3 a5 16. b3 Qh4 17. Ra2 c5 18. Rd2 Bh6 19. Rc2 Bxc1 20. Rxc1 Qxd4 21. Qxd4 cxd4
22. Nb5 Bd5 23. Nxd4 g5 24. Rc5 g4 25. f3 Kf8 26. Kf2 Ke7 27. Rec1 h5 28. h4 f4
29. Rc8 Rf8 30. Rxf8 Rxf8 31. Rc5 Rb8 32. Rc3 Rg8 33. Ne2 Rf8 34. Nd4 Rg8 35.
Ne2 Rf8 36. fxg4 hxg4 37. g3 f3 38. Nd4 Rb8 39. Ke3 Rf8 40. Kf2 Rb8 41. Rc5 Bxb3
42. Rb5 Rxb5 43. Nxb5 Kf7 44. Nd6+ 1/2-1/2

[Event "21st European Teams"]
[Site "Hersonissos GRE"]
[Date "2017.10.29"]
[Round "2.10"]
[Board "2"]
[White "Rodshtein, Maxim"]
[Black "Hamitevici, Vladimir"]
[Result "1-0"]
[WhiteTitle "GM"]
[BlackTitle "IM"]
[WhiteElo "2699"]
[BlackElo "2519"]
[WhiteTeam "Israel"]
[BlackTeam "Moldova"]
[WhiteFideId "2806851"]
[BlackFideId "13902393"]
[EventDate "2017.10.28"]

1. d4 Nf6 2. c4 e6 3. Nf3 b6 4. g3 Bb7 5. Bg2 Be7 6. O-O O-O 7. Nc3 Ne4 8. Bd2
Bf6 9. Be1 Nxc3 10. Bxc3 Be4 11. Rc1 d5 12. Qa4 Qe8 13. Qxe8 Rxe8 14. cxd5 Bxd5
15. Nd2 Bxg2 16. Kxg2 Nd7 17. Rc2 Rad8 18. Rfc1 c5 19. Nf3 e5 20. dxc5 Nxc5 21.
b4 Na4 22. e4 Nxc3 23. Rxc3 Be7 24. a3 a5 25. bxa5 bxa5 26. a4 f6 27. Rc7 Rb8
28. Nd2 Bd8 29. Rc8 Rb4 30. Nc4 Rf8 31. Rd1 Bb6 32. Nxb6 Rxb6 33. Rc7 Kh8 34.
Rdd7 Rg8 35. Rc4 Rgb8 36. Rcc7 Rg8 37. Rc4 Rgb8 38. Rc5 Rb4 39. Rxa5 Rxe4 40.
Raa7 Rg8 41. a5 h5 42. a6 Ra4 43. h4 Kh7 44. Rd6 Kg6 45. Rb7 Rc8 46. a7 Rc2 47.
Rd8 Rca2 48. Rdd7 Kf5 49. Rxg7 Rc2 50. Rb3 e4 51. Rb5+ Ke6 52. Rb4 1-0

[Event "21st European Teams"]
[Site "Hersonissos GRE"]
[Date "2017.10.29"]
[Round "2.10"]
[Board "3"]
[White "Morozov, Nichita"]
[Black "Sutovsky, Emil"]
[Result "0-1"]
[WhiteTitle "IM"]
[BlackTitle "GM"]
[WhiteElo "2467"]
[BlackElo "2683"]
[WhiteTeam "Moldova"]
[BlackTeam "Israel"]
[WhiteFideId "13900897"]
[BlackFideId "2802007"]
[EventDate "2017.10.28"]

1. d4 Nf6 2. c4 g6 3. Nc3 d5 4. Bf4 Bg7 5. e3 O-O 6. Rc1 Be6 7. Qb3 c5 8. Qxb7
Qb6 9. Qxb6 axb6 10. Nf3 dxc4 11. dxc5 bxc5 12. Ng5 Bd5 13. e4 Bb7 14. f3 Ba6
15. Be3 Nc6 16. Bxc5 Rfb8 17. Ba3 Bh6 18. h4 Nh5 19. Rh3 f6 20. g3 fxg5 21. hxg5
Bxg5 22. f4 Bxf4 23. gxf4 Nxf4 24. Rf3 Rf8 25. Nd5 Nd3+ 26. Bxd3 Rxf3 27. Nc7
cxd3 28. Nxa8 Nd4 29. Rd1 Nc2+ 30. Kd2 Rf2+ 31. Kc3 Nxa3 32. bxa3 Rxa2 33. Nc7
Rc2+ 0-1

[Event "21st European Teams"]
[Site "Hersonissos GRE"]
[Date "2017.10.29"]
[Round "2.10"]
[Board "4"]
[White "Nabaty, Tamir"]
[Black "Macovei, Andrei"]
[Result "1/2-1/2"]
[WhiteTitle "GM"]
[BlackTitle "FM"]
[WhiteElo "2661"]
[BlackElo "2328"]
[WhiteTeam "Israel"]
[BlackTeam "Moldova"]
[WhiteFideId "2809052"]
[BlackFideId "13904680"]
[EventDate "2017.10.28"]

1. d4 Nf6 2. Nf3 e6 3. Bf4 d5 4. e3 c5 5. Nbd2 Nc6 6. Bb5 Bd6 7. dxc5 Bxc5 8. c4
O-O 9. O-O Bd7 10. Rc1 Be7 11. cxd5 exd5 12. Nb3 Qb6 13. Bxc6 Bxc6 14. Nfd4 Rfe8
15. Nf5 Bf8 16. Nbd4 Bd7 17. Qb3 Qxb3 18. axb3 Bxf5 19. Nxf5 g6 20. Nd6 Bxd6 21.
Bxd6 Ne4 22. Bb4 a5 23. Be1 b6 24. Rd1 Rad8 25. b4 axb4 26. Bxb4 f5 27. Rd4 Kf7
28. Rfd1 Ke6 29. f3 Nf6 30. Bc3 Rd6 31. Ra1 Rc6 32. Rb4 Nd7 33. e4 dxe4 34. fxe4
f4 35. Ra7 Rec8 36. Kf2 Rc4 37. Rxc4 Rxc4 38. Kf3 g5 39. h4 h6 40. Ra8 Ne5+ 41.
Bxe5 Kxe5 42. Re8+ Kf6 43. Rf8+ Kg7 44. Rf5 gxh4 45. e5 Rb4 46. e6 Rb3+ 47. Kxf4
Rxb2 48. Kf3 Ra2 49. Rf7+ Kg8 50. Rf6 Kg7 51. Rf7+ Kg8 52. Rf4 Ra3+ 53. Kg4 Rg3+
54. Kf5 Kf8 55. Kf6 Rxg2 56. Rxh4 Rf2+ 57. Ke5 Ke7 58. Rxh6 Re2+ 59. Kd5 Rd2+
60. Ke5 Re2+ 1/2-1/2

[Event "21st European Teams"]
[Site "Hersonissos GRE"]
[Date "2017.10.29"]
[Round "2.11"]
[Board "1"]
[White "Wojtaszek, Radoslaw"]
[Black "Nikolaidis, Ioannis"]
[Result "1/2-1/2"]
[WhiteTitle "GM"]
[BlackTitle "GM"]
[WhiteElo "2737"]
[BlackElo "2519"]
[WhiteTeam "Poland"]
[BlackTeam "Greece 2"]
[WhiteFideId "1118358"]
[BlackFideId "4202139"]
[EventDate "2017.10.28"]

1. d4 d5 2. c4 e6 3. Nc3 a6 4. cxd5 exd5 5. Qb3 c6 6. e4 Bd6 7. e5 Bc7 8. f4 Nh6
9. Bd3 Bb6 10. Nge2 Bf5 11. Qc2 Qh4+ 12. Ng3 g6 13. Be3 Bxd3 14. Qxd3 Nf5 15.
O-O-O Nxe3 16. Qxe3 Nd7 17. f5 O-O-O 18. Rhf1 Rhe8 19. Qd3 Kb8 20. Kb1 Bc7 21.
Rde1 Nb6 22. Nce2 Nc4 23. b3 Na3+ 24. Kb2 Qe7 25. Rc1 Nb5 26. a4 Qa3+ 27. Kb1
Nxd4 28. Nxd4 Bxe5 29. Rf2 c5 30. Ra2 Qb4 31. Nc2 Qh4 32. Nf1 c4 33. Qf3 Rd6 34.
a5 Rc8 35. Nb4 Rc5 36. Ra4 Qd4 37. Qe2 f6 38. Rd1 Qc3 39. Qc2 Qxc2+ 40. Kxc2
gxf5 41. Nd2 cxb3+ 42. Kxb3 Rc3+ 43. Ka2 Bxh2 44. Nf3 Be5 45. Ra3 Rc4 46. Kb3
Rc3+ 47. Ka2 Rc4 48. Kb3 Rc3+ 1/2-1/2

[Event "21st European Teams"]
[Site "Hersonissos GRE"]
[Date "2017.10.29"]
[Round "2.11"]
[Board "3"]
[White "Piorun, Kacper"]
[Black "Mastrovasilis, Athanasios"]
[Result "1-0"]
[WhiteTitle "GM"]
[BlackTitle "GM"]
[WhiteElo "2640"]
[BlackElo "2488"]
[WhiteTeam "Poland"]
[BlackTeam "Greece 2"]
[WhiteFideId "1130420"]
[BlackFideId "4201990"]
[EventDate "2017.10.28"]

1. e4 c5 2. Nf3 Nc6 3. d4 cxd4 4. Nxd4 e5 5. Nb5 d6 6. N1c3 a6 7. Na3 Be7 8. Be3
Nf6 9. Nc4 b5 10. Nb6 Rb8 11. Nxc8 Qxc8 12. Bd3 O-O 13. O-O Bd8 14. a4 b4 15.
Ne2 a5 16. Ng3 Bb6 17. Nf5 Qe6 18. Bxb6 Rxb6 19. Ne3 Rd8 20. Bc4 Qc8 21. Qd3 Ne7
22. Rfd1 Qc6 23. Bb5 Qxe4 24. Nc4 Rbb8 25. Nxd6 Qxd3 26. Rxd3 e4 27. Rdd1 Ned5
28. Nc4 Nc7 29. Nxa5 Rxd1+ 30. Rxd1 Kf8 31. Nc6 Rc8 32. Nxb4 Nxb5 33. axb5 Rc5
34. Rd8+ Ke7 35. Rb8 Nd5 36. Nc6+ Kd6 37. Nd4 Rc4 38. Rd8+ Ke5 39. c3 Ra4 40. g3
Ra1+ 41. Kg2 Ra2 42. Nc6+ 1-0

[Event "21st European Teams"]
[Site "Hersonissos GRE"]
[Date "2017.10.29"]
[Round "2.11"]
[Board "4"]
[White "Malikentzos, Sotirios"]
[Black "Tomczak, Jacek"]
[Result "1/2-1/2"]
[WhiteTitle "FM"]
[BlackTitle "GM"]
[WhiteElo "2434"]
[BlackElo "2583"]
[WhiteTeam "Greece 2"]
[BlackTeam "Poland"]
[WhiteFideId "4215079"]
[BlackFideId "1124668"]
[EventDate "2017.10.28"]

1. Nf3 c5 2. g3 Nc6 3. Bg2 d5 4. d4 Nf6 5. O-O Bg4 6. c4 Bxf3 7. Bxf3 cxd4 8.
Qb3 Ne5 9. Bxd5 Nxd5 10. cxd5 Qd7 11. Rd1 d3 12. Nc3 dxe2 13. Nxe2 g6 14. Bf4
Bg7 15. Rac1 O-O 16. Qe3 Ng4 17. Qf3 Rac8 18. Nc3 Ne5 19. Bxe5 Bxe5 20. Qe3 Bb8
21. d6 Bxd6 22. Qxa7 Qf5 23. Qxb7 Rb8 24. Qd5 Qxd5 25. Rxd5 Rxb2 26. Nb5 Bb4 27.
a3 Ba5 28. Nc3 Ra8 29. Nd1 Ra2 30. Rd3 Bd2 31. Rc7 R8xa3 32. Rxa3 Rxa3 33. Rxe7
Ra1 34. Rd7 Rxd1+ 35. Kg2 g5 36. h3 Kg7 37. Kf3 Kg6 38. Ke2 Rh1 39. Rxd2 Rxh3
40. Kf3 Rh2 41. g4 Rh3+ 42. Kg2 Ra3 43. f3 f6 44. Rd8 h5 45. gxh5+ Kxh5 46. Rh8+
Kg6 47. Rg8+ Kf5 48. Kg3 Ke6 49. Re8+ Kf7 50. Rb8 f5 51. Kg2 Ra2+ 52. Kg3 Ra3
53. Kg2 Kf6 54. Re8 Ra2+ 55. Kh3 Rb2 56. Re3 Rc2 57. Re8 Rd2 58. Re3 f4 59. Ra3
Ke5 60. Ra5+ Kd4 61. Rxg5 Ke3 62. Ra5 Kxf3 63. Ra3+ Ke4 64. Ra4+ Ke3 65. Ra3+
Rd3 66. Ra2 Kf3 67. Rb2 Ra3 68. Rc2 Re3 69. Ra2 Re4 70. Rb2 Re1 71. Rb3+ Re3 72.
Rb2 Re1 1/2-1/2

[Event "21st European Teams"]
[Site "Hersonissos GRE"]
[Date "2017.10.29"]
[Round "2.12"]
[Board "1"]
[White "Ftacnik, Lubomir"]
[Black "Meier, Georg"]
[Result "0-1"]
[WhiteTitle "GM"]
[BlackTitle "GM"]
[WhiteElo "2546"]
[BlackElo "2655"]
[WhiteTeam "Slovakia"]
[BlackTeam "Germany"]
[WhiteFideId "14900017"]
[BlackFideId "4675789"]
[EventDate "2017.10.28"]

1. Nf3 d5 2. d4 Nf6 3. c4 e6 4. g3 Bb4+ 5. Bd2 Be7 6. Bg2 O-O 7. O-O c6 8. Qb3
Nbd7 9. Nc3 Nb6 10. cxd5 exd5 11. Ne5 Nfd7 12. Nd3 Nc4 13. Bf4 Bd6 14. Rfd1 Bxf4
15. Nxf4 Nd6 16. f3 Qb6 17. e4 dxe4 18. fxe4 Re8 19. Rd3 Qxb3 20. axb3 Nb6 21.
b4 f6 22. b3 Bg4 23. h3 Be6 24. e5 fxe5 25. dxe5 Nf7 26. b5 Bxb3 27. bxc6 bxc6
28. Bxc6 Nxe5 29. Bxe8 Nxd3 30. Nxd3 Rxe8 31. Nc5 Re3 32. N3e4 Bd5 33. Kf2 Nc4
34. Rxa7 Bxe4 35. Ra4 Rf3+ 36. Ke2 Rc3 0-1